000 00255nam a2200097Ia 4500
008 170619s9999 xx 000 0 und d
100 _aMannering- Fred
245 0 _aPrinciples of Highway Engineering and Traffic Analysis
260 _bWiley-India
260 _c2011
546 _aENGLISH
999 _c20625
_d20625